All Players in 3 Stage of SL Budapest Major 2025 in CS2 - Statistics

General Stats
  • This quiz has been taken 32 times
  • The average score is 67 of 80
Answer Stats
Teams Players Countries % Correct
The MongolZ 910 Mongolia
100%
Natus Vincere Aleksib Finland
100%
Vitality apEX France
100%
Natus Vincere b1t Ukraine
100%
MOUZ Brollan Sweden
100%
Spirit chopper Russia
100%
Spirit donk Russia
100%
FURIA FalleN Brazil
100%
Vitality flameZ Israel
100%
G2 HeavyGod Israel
100%
G2 huNter- Bosnia and Herzegovina
100%
Natus Vincere iM Romania
100%
MOUZ Jimpphat Finland
100%
FURIA KSCERATO Brazil
100%
Falcons m0NESY Russia
100%
3DMAX Maka France
100%
Vitality mezii United Kingdom
100%
FURIA Molodoy Kazakhstan
100%
Falcons NiKo Bosnia and Herzegovina
100%
Vitality ropz Estonia
100%
Spirit sh1ro Russia
100%
MOUZ Spinx Israel
100%
Falcons TeSeS Denmark
100%
MOUZ torzsi Hungary
100%
Natus Vincere w0nderful Ukraine
100%
MOUZ xertioN Israel
100%
FURIA YEKINDAR Latvia
100%
FURIA yuurih Brazil
100%
Spirit zweih Russia
100%
Vitality ZywOo France
100%
FaZe broky Latvia
96%
Liquid EliGE United States
96%
FaZe frozen Slovakia
96%
FaZe jcobbb Poland
96%
FaZe karrigan Denmark
96%
Falcons kyousuke Russia
96%
Natus Vincere makazze Kosovo
96%
Spirit tN1R Belarus
96%
FaZe Twistzz Canada
96%
The MongolZ bLitz Mongolia
92%
Falcons kyxsan North Macedonia
92%
The MongolZ mzinho Mongolia
92%
PARIVISION Jame Russia
88%
G2 malbsMd Guatemala
88%
Liquid NAF Canada
88%
G2 SunPayus Spain
88%
The MongolZ Techno Mongolia
88%
G2 MATYS Slovakia
85%
The MongolZ controlez Mongolia
81%
Liquid NertZ Israel
81%
Liquid ultimate Poland
81%
3DMAX Graviti France
77%
Liquid siuhy Poland
77%
PARIVISION BELCHONOKK Russia
73%
3DMAX bodyy France
73%
Passion UA hallzerk Norway
73%
B8 headtr1ck Ukraine
73%
Passion UA Grim United States
69%
B8 npl Ukraine
69%
PARIVISION xiELO Russia
69%
3DMAX Ex3rcice France
65%
Passion UA JT South Africa
65%
Passion UA Kvem Ukraine
65%
3DMAX Lucky France
65%
PARIVISION nota Russia
65%
paiN Gaming snow Brazil
65%
paiN Gaming biguzera Brazil
62%
Imperial try Argentina
62%
B8 alex666 Ukraine
58%
PARIVISION AW Russia
58%
paiN Gaming dav1deuS Chile
58%
paiN Gaming dgt Uruguay
58%
B8 kensizor Ukraine
58%
paiN Gaming nqz Brazil
54%
Imperial chelo Brazil
50%
B8 esenthial Ukraine
50%
Imperial VINI Brazil
50%
Passion UA nicx United States
46%
Imperial noway Brazil
46%
Imperial skullz Brazil
38%
No matching quizzes found
Score Distribution
Percent of People with Each Score
Percentile by Number Answered
Your Score History
You have not taken this quiz